| 000 | 00566nam a22001577a 4500 | ||
|---|---|---|---|
| 999 |
_c534759 _d534759 |
||
| 020 | _qHard Cover. | ||
| 082 | _a624.1 | ||
| 100 | _aFaruqui, Emad Faheem | ||
| 245 |
_aInvesting in safety in building construction projects in Islamabad and Rawalpindi / _cEmad Faheem Faruqui. |
||
| 260 |
_aIslamabad: _bSCEE - NUST, _c2013. |
||
| 300 |
_a112 p. : _bill. ; _c30cm. |
||
| 942 |
_2ddc _cTHE |
||
| 650 |
_aConstruction Engineering and Management MS-Thesis. _917023 |
||
| 700 |
_aDr. Rafique Muhammad Choudhry _929099 |
||